Tutte le bandiere del Mediterraneo - Morte improvvi - Morte Improvvisa - Statistics

Statistiche generali
  • Questo quiz è stato fatto 486 volte
    304 dall'ultimo reset
  • Il punteggio medio è 10 su 21
Answers on the Grid
Answers color-coded by a green-red scale on the quiz's grid according to % correct below.
 
Statistiche sulle risposte
Risposta % Corretto
62%
57%
54%
54%
54%
52%
52%
51%
51%
51%
49%
49%
47%
45%
45%
41%
38%
34%
33%
27%
18%
Nessun quiz corrispondente trovato
Distribuzione punteggi
Percentuale di utenti per punteggio
Percentile per numero di risposta
I tuoi punteggi nel tempo
Non hai fatto questo quiz dall'ultimo reset